|
|
|
|
| LEADER |
00000cam a2200000 7i4500 |
| 001 |
0000076385 |
| 005 |
20171106.0 |
| 008 |
171106 |
| 020 |
|
|
|a 983819056X (set)
|
| 020 |
|
|
|a 9838190578
|
| 090 |
0 |
0 |
|a ANM
|b MAL
|
| 100 |
1 |
|
|a Evasukmaliza
|
| 245 |
1 |
0 |
|a Ular tedung banyak musuh
|c Evasukmaliza
|
| 260 |
|
|
|a Kuala lumpur :
|b Penerbitan kintan sdn.bhd. ,
|c 1993
|
| 490 |
1 |
|
|a Siri haiwan dan tabiatnya
|
| 650 |
|
0 |
|a Animals-fiction
|
| 650 |
|
0 |
|a Children's stories,malay.
|
| 999 |
|
|
|a 0000717934
|b Book
|c Children Collection
|e Cawangan Pontian
|
| 999 |
|
|
|a 0000717935
|b Book
|c Children Collection
|e Cawangan Pontian
|